The First Electoral Test for the Refugee Crisis in Austria: Vienna City Council Elections in October 2015
Analýza volieb do mestského zastupiteľstva vo Viedni, predvolebná situácia a vplyv utečeneckej krízy na dané voľby.
Na minha lista:
| Autor principal: | |
|---|---|
| Formato: | Capítulo de Livro |
| Idioma: | inglês |
| Assuntos: | |
| Tags: |
Sem tags, seja o primeiro a adicionar uma tag!
|
MARC
| LEADER | 00000naa a2200000 4500 | ||
|---|---|---|---|
| 001 | 0282902 | ||
| 005 | 20240502074406.4 | ||
| 041 | 0 | |a eng | |
| 044 | |a SK | ||
| 245 | 1 | 0 | |a The First Electoral Test for the Refugee Crisis in Austria: Vienna City Council Elections in October 2015 |c Peter Csányi |
| 520 | |a Analýza volieb do mestského zastupiteľstva vo Viedni, predvolebná situácia a vplyv utečeneckej krízy na dané voľby. | ||
| 610 | 2 | 0 | |a voľby |
| 610 | 2 | 0 | |a zastupiteľstvá obecné |
| 610 | 2 | 0 | |a strany politické |
| 610 | 2 | 0 | |a utečenci |
| 610 | 2 | 0 | |a Rakúsko |
| 100 | 1 | |a Csányi, Peter, 1978- | |